Meaningful quotes / (Record no. 39795)

MARC details
000 -LEADER
fixed length control field 00755nam a22002177a 4500
010 ## - LCCN (DPL NO)
LC control number ENG-98672 B-689187-199
020 ## - INTERNATIONAL STANDARD BOOK NUMBER
Terms of availability 150.00
International Standard Book Number 9788183822336
035 ## - SYSTEM CONTROL NUMBER
System control number EN-82204
035 ## - SYSTEM CONTROL NUMBER
System control number B-689187-199
037 ## - SOURCE OF ACQUISITION
Source of stock number/acquisition DBAD / PUB
082 ## - DEWEY DECIMAL CLASSIFICATION NUMBER
Classification number 808.88
100 ## - MAIN ENTRY--PERSONAL NAME
Personal name Ahuja, Simar
245 ## - TITLE STATEMENT
Title Meaningful quotes /
Statement of responsibility, etc by Ahuja Simar
260 ## - PUBLICATION, DISTRIBUTION, ETC. (IMPRINT)
Place of publication, distribution, etc New Delhi
Name of publisher, distributor, etc Lotus Press
Date of publication, distribution, etc 2010
270 ## - ADDRESS
Address 4263/3, Ansari Road, Darya Ganj,
City New Delhi
Postal code 110002
300 ## - PHYSICAL DESCRIPTION
Extent 366p.
Dimensions 22cm (pbk)
505 ## - FORMATTED CONTENTS NOTE
Formatted contents note
600 ## - SUBJECT ADDED ENTRY--PERSONAL NAME
Personal name Baba Visakha Singh
General subdivision Biography.
942 ## - ADDED ENTRY ELEMENTS (KOHA)
Source of classification or shelving scheme Dewey Decimal Classification
Item type English Books
Call number suffix AHU
Classification part 808.88
Holdings
Withdrawn status Lost status Not for loan Collection code Home library Current library Date acquired Source of acquisition Cost, normal purchase price Full call number Barcode Copy number Cost, replacement price Koha item type
    Not For Loan Non-fiction D.B.Act.Division D.B.Act.Division 06/08/2010 DBAD/PUB 150.00 808.88 AHU EN-82204 1 150.00 English Books

© Delhi Public Library
Hit Counter
free hit counter